Bebe Rexha Charting Songs (Billboard Dance Airplay) - Statistics

General Stats
  • This quiz has been taken 2 times
  • The average score is 10 of 21
Answer Stats
Album Weeks On Peak Artist(s) Song % Correct
Listen 21 Weeks #3 David Guetta ft. Nicki Minaj, Bebe Rexha & Afrojack Hey Mama
100%
Expectations 8 Weeks #17 Bebe Rexha I'm a Mess
100%
Bebe 30 Weeks #1 (14 Weeks) David Guetta & Bebe Rexha I'm Good (Blue)
100%
All Your Fault: Pt. 2 13 Weeks #11 Bebe Rexha & Florida Georgia Line Meant to Be
100%
World War Joy 4 Weeks #15 The Chainsmokers & Bebe Rexha Call You Mine
50%
Non-Album Single 7 Weeks #23 Topic x Bebe Rexha Chain My Heart
50%
Bebe 7 Weeks #29 Bebe Rexha Heart Wants What It Wants
50%
I Don't Wanna Grow Up 14 Weeks #12 Bebe Rexha I Can't Stop Drinking About You
50%
All Your Fault: Pt. 1 5 Weeks #33 Bebe Rexha I Got You
50%
Non-Album Single 17 Weeks #1 (1 Week) Bebe Rexha I'm the Drama
50%
Non-Album Single 20 Weeks #3 Martin Garrix & Bebe Rexha In the Name of Love
50%
Non-Album Single 3 Weeks #38 Bebe Rexha Last Hurrah
50%
When It's Dark Out 18 Weeks #3 G-Eazy x Bebe Rexha Me, Myself & I
50%
Tension II 2 Weeks #34 Kylie Minogue, Bebe Rexha & Tove Lo My Oh My
50%
Better Mistakes 18 Weeks #2 Bebe Rexha Sacrifice
50%
Bebe 8 Weeks #19 Bebe Rexha Call On Me
0%
Non-Album Single 13 Weeks #2 Bebe Rexha Chase It (Mmm Da Da Da)
0%
Non-Album Single 15 Weeks #8 Nathan Dawe & Bebe Rexha Heart Still Beating
0%
Non-Album Single 20 Weeks #1 (3 Weeks) Loud Luxury, Two Friends & Bebe Rexha If Only I
0%
Non-Album Single 11 Weeks #8 Bebe Rexha & David Guetta One in a Million
0%
Overtime and Blood, Sweat and 3 Years 33 Weeks #2 Cash Cash ft. Bebe Rexha Take Me Home
0%
No matching quizzes found
Score Distribution
Percent of People with Each Score
Percentile by Number Answered
Your Score History
You have not taken this quiz